Normal view
MARC view
- تاليف عباسي، علا غازي
Entry Personal Name
001 - CONTROL NUMBER
- control field: 47246
003 - CONTROL NUMBER IDENTIFIER
- control field: JO-AjAnu
005 - DATE AND TIME OF LATEST TRANSACTION
- control field: 20230606081812.0
008 - FIXED-LENGTH DATA ELEMENTS
- fixed length control field: 230606|| aca||aabn | a|a d
040 ## - CATALOGING SOURCE
- Original cataloging agency: JO-AjAnu
- Transcribing agency: JO-AjAnu
100 ## - HEADING--PERSONAL NAME
- Personal name: تاليف عباسي، علا غازي
670 ## - SOURCE DATA FOUND
- Source citation: Work cat.: (JO-AjAnu)24179: تاليف عباسي، علا غازي, author, المحاكم الجنائية الدولية الخاصة نموذج جديد في القضاء الدولي الجنائي: دراسة مقارنة